| 000 | 02890cam a2200385 i 4500 | ||
|---|---|---|---|
| 001 | 23353189 | ||
| 003 | EG-ScBUE | ||
| 005 | 20250217103347.0 | ||
| 008 | 231016t2024 nyua f b 001 0 eng d | ||
| 020 | _a9780071818322 | ||
| 020 | _z0071818324 | ||
| 040 |
_aDNLM/DLC _beng _erda _cDLC _dDLC _dEG-ScBUE |
||
| 082 | 0 | 4 |
_a615.19 _222 _bPAT |
| 100 | 1 |
_aPather, Indiran, _eauthor. |
|
| 245 | 1 | 0 |
_aPharmaceutics for the pharmacy students / _cIndiran Pather, DPharm, Chair and Professor Department of Pharmaceutical Sciences College of Pharmacy Howard University, Washington DC. |
| 264 | 1 |
_aNew York : _bMcGraw Hill, _c[2024] |
|
| 264 | 4 | _cc2024 | |
| 300 |
_aix, 385 pages : _bcolor illustrations ; _c28 cm |
||
| 336 |
_atext _btxt _2rdacontent |
||
| 337 |
_aunmediated _bn _2rdamedia |
||
| 338 |
_avolume _bnc _2rdacarrier |
||
| 504 | _aIncludes bibliographical references and index. | ||
| 505 | 0 | _aDosage forms and routes of drug administration -- Oral route of drug delivery -- Pharmaceutical solutions, dissolution, and diffusion -- Pharmaceutical powders -- Pharmaceutical suspensions -- Emulsions -- Granulation -- Tablets -- Capsules -- Modified-release oral dosage -- Nanotechnology -- Packaging -- Dosage form stability -- Good manufacturing practices -- Introduction to bioavailability -- Introduction to the drug regulatory process -- Buccal and sublingual delivery -- Nasal drug delivery -- Dermal and transdermal drug delivery -- Ophthalmic drug delivery -- Rectal and vaginal drug delivery. | |
| 520 |
_a"One aspect of the safe and appropriate utilization of medicines deals with human physiology, pathology, and pharmacology, as the theoretical basis. The other important aspect is a fundamental understanding of what goes into the production of medicines and the patient-centric issues that arise from this process. Pharmacists should understand both aspects to be suitably equipped to advise their patients. In addition, drug delivery concepts should not only be of research importance, since they already affect medicines consumed daily. The pharmacist is handling these products or must offer consultation about them to patients and medical staff, and they are becoming increasingly important. Hence, a fundamental understanding of this topic is also needed. This book is written to encompass these concepts"-- _cProvided by publisher. |
||
| 650 | 7 |
_aDosage Forms. _2BUEsh |
|
| 650 | 7 |
_aDrug Delivery Systems. _2BUEsh |
|
| 650 | 7 |
_aDrug Administration Routes. _2BUEsh |
|
| 653 |
_cFebruary2025 _bPPhrm |
||
| 655 | _vReading book | ||
| 776 | 0 | 8 |
_iOnline version: _aPather, Indiran. _tPharmaceutics for the pharmacy students _dNew York : McGraw Hill, [2024] _z9780071818360 _w(DLC) 2023048506 |
| 906 |
_a7 _bcbc _corignew _d1 _eecip _f20 _gy-gencatlg |
||
| 942 |
_2ddc _cBB |
||
| 999 |
_c30900 _d30871 |
||